00888nam a2200265Ia 450000500170000000800410001702000180005810000430007624500650011925000180018430000250020249000130022750000550024053400130029565000360030865000400034465000390038465000350042326400300045833600270048833700330051533800280054804000350057608400110061120220317001449.0161108s2010 sp g 000 f s  a87884838314341 aLe Clézio, Jean-Marie Gustaved1940-10aDesiertocJ.M.G. Le Clézio ; Traducción de Alberto Conde a1.a edición a403 páginasc21 cm aAndanzas aIncluye datos biográficos del autor en la solapa tDésert142LEMBaNovela francesaySiglo XX142LEMBaLiteratura francesaySiglo XX142LEMBaInmigrantes en la literatura142LEMBaMujeres en la literatura aBarcelonabTusquetsc2010 atextobtxt2rdacontent asin mediaciónbn2rdamedia avolumenbnc2rdacarrier aCO-BoRNBPbspaerdacCO-BoRNBP aN LEC3